Loading...
| Painting/Sculpture | 0 | 6 | 1 | 0 | 55 | 32 | 63.33 | 3 | 5 |
| Literature - American Literature | 0 | 5 | 0 | 1 | 50 | 26 | 57.80 | 3 | 4 |
| Science - Physics | 0 | 5 | 1 | 1 | 45 | 39 | 55.20 | 2 | 4 |
| Fine Arts - Classical Music | 0 | 3 | 0 | 2 | 30 | 79 | 98.67 | 0 | 1 |
| Fine Arts - Other Fine Arts | 0 | 3 | 0 | 1 | 30 | 92 | 103.67 | 0 | 0 |
| Pop Culture | 0 | 3 | 0 | 0 | 30 | 22 | 30.00 | 2 | 3 |
| Literature - British Literature | 0 | 3 | 1 | 1 | 25 | 69 | 97.33 | 1 | 2 |
| History - American History | 0 | 3 | 1 | 0 | 25 | 31 | 42.67 | 2 | 3 |
| History - Other History | 0 | 2 | 0 | 0 | 20 | 41 | 57.00 | 0 | 2 |
| Science - Biology | 0 | 2 | 0 | 1 | 20 | 66 | 79.50 | 1 | 1 |
| Science - Chemistry | 0 | 2 | 1 | 1 | 15 | 94 | 100.50 | 0 | 0 |
| History - European History | 0 | 2 | 1 | 0 | 15 | 60 | 60.00 | 0 | 1 |
| Literature - European Literature | 0 | 1 | 0 | 0 | 10 | 109 | 109.00 | 0 | 0 |
| Geography | 0 | 1 | 0 | 0 | 10 | 22 | 22.00 | 1 | 1 |
| Science - Other Science | 0 | 1 | 1 | 0 | 5 | 50 | 50.00 | 0 | 1 |
| Social Science | 0 | 0 | 1 | 0 | -5 | 0.00 | 0 | 0 | |
| Religion | 0 | 0 | 1 | 0 | -5 | 0.00 | 0 | 0 | |
| Current Events | 0 | 0 | 1 | 0 | -5 | 0.00 | 0 | 0 |